00617 2200181 4500245010500000020002200105250001100127100002400138700002400162700002300186650002100209005001900230260011500249041001400364084001000378300003800388336000900426 aPendidikan dan Pembinaan Ideologi Pancaasila untuk SMA/MA/SMK/MAK Kelas XcAmos Sury El TauruyhText a978-623-8113-09-5 aCet. 1 aAmos Sury El Tauruy aChristina Tulalessy aDanang Eko Prastya aCerita Bergambar a20240926122459 aJakartabBadan Pembinaan Ideologi Pancasila dan Kementerian Pendidikan, Kebudayaan, Riset, dan Teknologic2022 aIndonesia a323.6 axiv, 146 hlm. :b17,6 × 25 cm. ; atext